000 00624nas a2200217 i 4500
001 2167
003 ES-MaACL
005 20250804062724.0
007 t|
008 950801d18811891it | | 1 ||ta d
245 0 0 _aRivista di filosofia scientifica /
_cdir. Enrico Morselli.
260 _aMilano, etc :
_bFratelli Dumolard,
_c1881-1891.
300 _a6 v. ;
_c24 cm.
310 _aAnual
362 0 _aA. 1, n. 1 (lug. 1881)-a. 10, n. 12 (dic. 1891)
650 1 7 _aFilosofĂ­a
_2embne
_912802
700 1 _aMorselli, Enrico,
_edir.
_983705
852 _aES-MaACL
_jHem-817
866 0 _o1886-91
999 _c2167
_d2167